| 000 | 00376nam a2200157Ia 4500 | ||
|---|---|---|---|
| 008 | 170918s9999 xx 000 0 und d | ||
| 020 | _a618400818 | ||
| 050 | _bW187wa 2002 | ||
| 100 | _aWallace, Daniel | ||
| 245 | 4 | _aThe watermelon king / | |
| 245 | _cby Daniel Wallace. | ||
| 260 | _aNew York : | ||
| 260 | _bMariner Books, | ||
| 260 | _c2002 | ||
| 300 | _a226 pages : | ||
| 999 |
_c343851 _d343851 |
||